000 00656nam a2200217 4500
005 20260318163935.0
008 260313b |||||||| |||| 00| 0 eng d
020 _a978-93-5696-121-0
041 _aEnglish
082 _21st ed 2023 /RP 2025
_aC 004 SRE B12692
100 _aSreevani, R.
_9217208
245 _aHealth / Nursing Informatics and Technology (Computer for Nurses)
250 _a1st
260 _aNew Delhi
_bJaypee Brothers
_c2025
300 _axxvi; 236p
_bPb
365 _aRupaye
_b550
_cINR
500 _aInformation Technology
650 _aInformation Technology
_9217209
651 _aInformation Technology
_9217210
942 _cBK
999 _c370735
_d370735